Finančné a poisťovacie služby oslobodené od DPH
Služby, ktorých poskytnutie platiteľom DPH nie je zdaňované, pretože ide o činnosti, ktorých poskytovanie je v zmysle Smernice 2006/112/ES, ako aj zákona o DPH č. 222/2004 Z.z. v znení neskorších predpisov oslobodené od DPH. Za akých podmienok dochádza k oslobodeniu od DPH pri uvedených službách a k...
Gespeichert in:
| 1. Verfasser: | |
|---|---|
| Format: | Buchkapitel |
| Sprache: | Slowakisch |
| Schlagworte: | |
| Tags: |
Keine Tags, Fügen Sie das erste Tag hinzu!
|
MARC
| LEADER | 00000naa a2200000 4500 | ||
|---|---|---|---|
| 001 | 0207861 | ||
| 005 | 20231114112544.1 | ||
| 041 | 0 | |a slo | |
| 044 | |a SK | ||
| 245 | 1 | 0 | |a Finančné a poisťovacie služby oslobodené od DPH |c Beáta Jarošová |
| 520 | |a Služby, ktorých poskytnutie platiteľom DPH nie je zdaňované, pretože ide o činnosti, ktorých poskytovanie je v zmysle Smernice 2006/112/ES, ako aj zákona o DPH č. 222/2004 Z.z. v znení neskorších predpisov oslobodené od DPH. Za akých podmienok dochádza k oslobodeniu od DPH pri uvedených službách a kedy je povinnosť ich poskytnutie zdaniť. | ||
| 610 | 2 | 0 | |a služby finančné |
| 610 | 2 | 0 | |a služby nevýrobné |
| 610 | 2 | 0 | |a poisťovníctvo |
| 610 | 2 | 0 | |a dane z hodnoty pridanej |
| 610 | 2 | 0 | |a oslobodenie od daní |
| 100 | 1 | |a Jarošová, Beáta | |